00496 2200181 4500001002100000005001500021035002000036245006000056100001900116260004400135300002800179020002200207084001400229082000800243650001000251008004100261990001200302INLIS00000000000273120251007100937 a0010-09250000781 aDimensi - Dimensi Pendidikan Karakter /cSaptono, M.Pd. aSaptono, M.Pd. aJakarta :bEsensi Erlangga Group,c2011 a216 hlm ;c(14 x 21 cm) a978-979-099-609-0 a370 SAP d a370 4aFiksi251007 0  a0754933